Quizzes
Events
Quiz Creation
Community
Videos
Private Events
Remove Ads
Sign In
Join for FREE
Feedback
Dark Mode
Quiz Categories
Sports
Geography
Music
Movies
Television
Just For Fun
Miscellaneous
History
Literature
Language
Science
Gaming
Entertainment
Religion
Holiday
For Kids
Quiz Lab
Recent
Popular Today
Quiz Kudos Today
Editor Picks
Curator Picks
Quizzes by...
Day
Popularity
Type
Ratings
Length
Year
Community
Subscriptions
Recent Discussions
Orange Saloon
Badges
Playlists
Quests
Create
Leaderboards
Showdown
Live 5
Trivia Bingo
Activity
Puzzle Library
Sporcle Events
Private Events
Virtual Trivia
Globe League
Become a Host
Pub Owners
SporcleCon
Opinionation
Our Games
Videos
Blog
Mobile Apps
Partnerships
Remove Ads and Go Orange
Feedback
Sports
Athletes
MLB
NBA
NHL
NFL
Soccer
Sports Teams
WWE
NCAA
Football
Premier League
Basketball
Baseball
Hockey
Golf
Tennis
Cricket
Rugby
Auto Racing
Olympics
World Cup
Sports
Athletes
MLB
NBA
NHL
NFL
Soccer
Sports Teams
WWE
NCAA
Football
Premier League
Basketball
Baseball
Hockey
Golf
Tennis
Cricket
Rugby
Auto Racing
Olympics
World Cup
Random Quiz
Search Sporcle
×
Quiz Lab
Quiz Lab
Sports
Premier League
Type in answers that appear in a list
Type in answers that appear in a list
Classic
Best Score? Go Orange.
Every Arsenal Premier League Goalscorer Stats
Can you name the Every Arsenal Premier League Goalscorer?
By
SallyJarvis1990
15m
107 Questions
3,645 Plays
3,645 Plays
3,645 Plays
Comments
Comments
Give Quiz Kudos
Give Quiz Kudos
-
- Ratings
hide this ad
Replay
Link that replays current quiz
Next Quiz
Link to next quiz in quiz playlist
You Got
0%
They Got
Avg Score
66%
Avg Friend Score
Upgrade to see
Score Distribution
Jump to the score distribution portion of the page
Score
0/107
Timer
15:00
0
Plays Today
Goals
Player
% Correct
174
Thierry Henry
98.8%
87
Dennis Bergkamp
96.7%
96
Robin Van Persie
96.5%
46
Emannuel Adebayor
95.3%
104
Ian Wright
95%
30
Alexis Sanchez
94.9%
63
Robert Pires
93.9%
46
Freddie Ljungberg
93.2%
56
Theo Walcott
92.8%
28
Aaron Ramsey
92.7%
36
Francesc Fabregas
91.8%
23
Andrey Arshavin
91.8%
57
Olivier Giroud
90.9%
30
Nwankwo Kanu
90.9%
3
Joel Campbell
90.7%
12
Tony Adams
89.4%
18
Tomas Rosicky
89%
7
Sol Campbell
89%
22
Kevin Campbell
88.9%
29
Patrick Vieira
88.9%
24
Nicklas Bendtner
88.4%
16
Mesut Ozil
88%
5
Per Mertesacker
86.6%
17
Gilberto Silva
86.2%
7
Eduardo Da Silva
85.9%
32
Sylvain Wiltord
85.9%
9
Kolo Toure
85.6%
25
Marc Overmars
84.8%
23
Santi Cazorla
84.6%
7
Alexander Hleb
83.9%
8
Ashley Cole
83.1%
15
Laurent Koscielny
83%
6
Jack Wilshere
82.8%
19
Lukas Podolski
82.8%
7
Edu
82.4%
10
Lee Dixon
82%
Goals
Player
% Correct
4
Martin Keown
81.3%
21
Ray Parlour
81%
7
Lauren
80.4%
23
Nicolas Anelka
80.2%
4
Yossi Benayoun
80%
13
Thomas Vermaelen
78.8%
8
Alex Oxlade-Chamberlain
78.8%
4
Nigel Winterburn
78.6%
16
Jose Antonio Reyes
78.5%
8
Marouane Chamakh
78%
14
Mikel Arteta
77.9%
7
Alex Song
77.5%
9
Emmanuel Petit
77.5%
5
Emmanuel Eboue
76.9%
4
Philippe Senderos
76.3%
18
Samir Nasri
74.9%
4
Bacary Sagna
74.3%
1
Gael Clichy
74.1%
9
Gervinho
72.7%
2
Kieran Gibbs
72.7%
3
Hector Bellerin
71.6%
2
Steve Bould
71.2%
28
Paul Merson
71.2%
3
Carlos Vela
71%
1
Nacho Monreal
69.4%
8
Davor Suker
69.2%
8
Alan Smith
68.9%
14
Abou Diaby
68.7%
12
William Gallas
68%
1
Johan Djourou
67.8%
2
Alex Iwobi
67.1%
10
Mathieu Flamini
67%
14
John Hartson
66.5%
3
Christopher Wreh
65.3%
7
Denilson
65.3%
8
Danny Welbeck
64.3%
Goals
Player
% Correct
4
Francis Jeffers
60%
3
Julio Baptista
59.1%
2
Calum Chambers
57.7%
4
Gilles Grimandi
56%
2
Giovanni van Bronckhorst
55.2%
3
Pascal Cygan
54.8%
1
Gabriel Paulista
54.7%
3
Sylvinho
54.6%
2
Andre Santos
54%
1
Mathieu Debuchy
53.8%
1
Carl Jenkinson
53.3%
13
David Platt
52.9%
1
John Jensen
50.9%
3
Mikael Silvestre
49.9%
1
Sebastien Squillaci
49%
2
Anders Limpar
47.9%
1
Jeremie Aliadiere
45.3%
1
Serge Gnabry
44.2%
3
Jermaine Pennant
42.8%
4
Stephen Hughes
42.8%
5
Andy Linighan
36.7%
1
Fran Merida
36.2%
3
Paul Dickov
36%
1
Steve Morrow
35.7%
2
Stefan Schwarz
34.8%
1
Glenn Helder
34.5%
1
Paul Davis
34.1%
1
Justin Hoyte
33.5%
1
David Hillier
31.2%
3
Chris Kiwomya
28.3%
1
Stefan Malz
26.6%
1
Scott Marshall
25.6%
1
Paolo Vernazza
23.5%
2
Paul Shaw
22.5%
2
Jimmy Carter
22.2%
Quiz Playlist
Details
Report
Send in Message
Add To Playlist
Classic:
Type in answers that appear in a list
Quiz Source
Last Updated: Sep 4, 2018
Quiz Scoreboard
CHALLENGE
Sign Up to Join the Scoreboard
Show All
Scores
Hide
Comments
May contain spoilers
Recently Published
Popular People in 1961
by mucciniale
History
6m
1-10 Letter E Words III
by El_Dandy
Language
2m
One Thing in Common: World Cities II
by knightlancer
Geography
7m
More to Explore
Quiz From the Vault
Featured Blog Post
Where Did the Easter Bunny Come From?
hide this ad
You Might Also Like...
Tags
Premier League Quiz
Arsenal
goal
Goal Scorers
League
Nationality
Player
Premier
Today's Top Quizzes in Sports
Browse Sports
hide this ad
Today's Top Quizzes in Premier League
Browse Premier League
Top Contributed Quizzes in Sports
1
Les meilleurs buteurs des matchs entre le PSG et l’OM
2
Les entraîneurs de l'OM et du PSG au 21e siècle
3
2022 World Cup Stars
4
FIFA Club World Cup Champions
5
Name the Premier League winners with different clubs
6
La finale Lions - Afrique du Sud 2021
7
Criteria MLB: Left Handed Sluggers
8
Players with Multiple 50 Home Run Seasons
9
MLB Players with Two .350 Batting Average Seasons
10
MLB Hall of Famer by Rings
Explore More
Trending Topics
NBA
Disney
Anime
Crossword
Marvel
Kpop
Harry Potter
WWE
Pokémon
Country
Song
NFL
Puzzle
The Office
Soccer
hide this ad
More By:
SallyJarvis1990
Quiz
Plays
Rating
Category
Featured
Created
Most Premier League Goals in a Calendar Year
101,158
4.70
Sports
Dec 30, 2012
Premier League Clubs' Top English Goalscorer
13,319
4.95
Sports
Oct 5, 2014
2014-2015 European League Teams
10,290
4.44
Sports
Jul 23, 2014
The Premier League Years
8,058
4.38
Sports
Aug 29, 2013
Every Premier League Hat-Trick Scorer
7,736
4.70
Sports
May 14, 2013
Go to Creator's Profile
Score Distribution
Quiz Creator Spotlight
SallyJarvis1990
Follow
Send a Message
Quizzes Created
-
Created Quiz Play Count
-
More By This Creator
Popular Quizzes Today
1
Find the US States - No Outlines Minefield
2
The Countries of the World
3
Find the Countries of Europe - No Outlines Minefield
4
Popular People in 1961
5
1-10 Letter E Words III
6
Find the US States
7
One Thing in Common: World Cities II
8
US States
More Sports Quizzes
Changing NFL Logos: Seattle Seahawks
Curator's Pick
Trending Quizzes
Risky Map Clicking: Least Populous States A-Z
1-10 Letter F Words
1-10 Letter G Words
One Thing in Common: United Kingdom
Risky Map Clicking: Next State Alphabetically
Recently Updated
Leaping Animals
pecheneg
Reality TV Shows (A-Z)
bhenderson79
Rickey Henderson's Hall of Fame Teammates
pecheneg
Champions League XIs: Arsenal
pecheneg
Quick Pick: Celebrities in WWE's Hall of Fame
aduchscher
A-Z Keypad Blitz II
pecheneg
Multiple Oscar Actors
pecheneg
Mystery Phrase Blitz: Oscar 'Best Actors'
pecheneg
F. Scott Fitzgerald Novels
LTH
Pick 3 Villains
ddd62291
Trending Topics
Marvel
Kpop
Disney
Crossword
NBA
Harry Potter
Anime
WWE
Country
Song
Puzzle
NFL
The Office
Pokémon
Soccer
Your Account Isn't Verified!
In order to create a playlist on Sporcle, you need to verify the email address you used during registration. Go to your
Sporcle Settings
to finish the process.
Report this User
Report this user for behavior that violates our
Community Guidelines
.
Details:
Send Report
Go to the Sporcle.com Mobile Site →
Comments